Introducción a la probabilidad y estadística

Uloženo v:
Podrobná bibliografie
Hlavní autoři: Mendenhall, William (autor), Beaver, Robert J (Autor), Beaver, Barbara M (Autor)
Médium: Kniha
Jazyk:španělština
Vydáno: Cuernavaca Cengage Learning 2015
Vydání:14a. ed
Témata:
Tagy: Přidat tag
Žádné tagy, Buďte první, kdo vytvoří štítek k tomuto záznamu!

MARC

LEADER 00000cam a2200000 a 4500
001 UCC0263
003 CL-VaPUC
008 170728e20150000mx |||||||||||||||||spa|d
020 |a 9786075198767 
082 0 4 |a 519.5  |b MEN  |2 21 
100 |a Mendenhall, William  |e autor  |9 594170 
700 0 |a Beaver, Robert J  |e author  |9 594171 
700 0 |a Beaver, Barbara M  |e author  |9 594172 
245 1 0 |a Introducción a la probabilidad y estadística 
250 |a 14a. ed 
300 |a 721 p 
942 |c BK 
945 |d 20170728 13:21:00  |a dcastane 
260 |a Cuernavaca  |b Cengage Learning  |c 2015 
650 0 |a Estadística matemática  |9 260028 
650 0 |a Muestreo (Estadística)  |9 270232 
650 7 |a TEORIA DE PROBABILIDAD  |2 CL-VaPUC  |9 594173 
583 |a last modification  |c 20170728 13:21:00  |k Rodrigo Vera 
999 |c 369140  |d 369138 
952 |0 0  |1 0  |2 ddc  |3 erb  |4 0  |6 519_500000000000000_MEN_2015  |7 0  |8 A  |9 484709  |a BIBING  |b BIBING  |c RES  |i 5411467  |l 1  |o 519.5 MEN 2015  |p 5411467  |r 2025-01-20  |s 2023-08-11  |w 2019-11-24  |y BK  |z Catalogado en:20170728  |k GEO 
952 |0 0  |1 0  |2 ddc  |3 erb  |4 0  |6 519_500000000000000_MEN_2015  |7 0  |8 A  |9 484710  |a BIBING  |b BIBING  |c RES  |i 5411459  |o 519.5 MEN 2015  |p 5411459  |r 2025-01-20  |w 2019-11-24  |y BK  |z Catalogado en:20170728  |k GEO 
952 |0 0  |1 0  |2 ddc  |3 erb  |4 0  |6 519_500000000000000_MEN_2015  |7 0  |8 A  |9 484711  |a BIBING  |b BIBING  |c RES  |i 5411440  |o 519.5 MEN 2015  |p 5411440  |r 2025-01-20  |w 2019-11-24  |y BK  |z Catalogado en:20170728  |k GEO 
952 |0 0  |1 0  |2 ddc  |3 erb  |4 0  |6 519_500000000000000_MEN_2015  |7 0  |8 A  |9 484712  |a BIBING  |b BIBING  |c RES  |i 5411432  |o 519.5 MEN 2015  |p 5411432  |r 2025-01-20  |w 2019-11-24  |y BK  |z Catalogado en:20170728  |k GEO 
952 |0 0  |1 0  |2 ddc  |3 erb  |4 0  |6 519_500000000000000_MEN_2015  |7 0  |8 A  |9 484713  |a BIBING  |b BIBING  |c RES  |i 5411424  |o 519.5 MEN 2015  |p 5411424  |r 2025-01-20  |w 2019-11-24  |y BK  |z Catalogado en:20170728  |k GEO 
952 |0 0  |1 0  |2 ddc  |3 erb  |4 0  |6 519_500000000000000_MEN_2015  |7 0  |8 A  |9 484714  |a BIBING  |b BIBING  |c RES  |i 5411416  |l 1  |o 519.5 MEN 2015  |p 5411416  |r 2025-01-20  |s 2022-10-20  |w 2019-11-24  |y BK  |z Catalogado en:20170728  |k GEO 
952 |0 0  |1 0  |2 ddc  |3 erb  |4 0  |6 519_500000000000000_MEN_2015  |7 0  |8 A  |9 484715  |a BIBING  |b BIBING  |c RES  |i 5416310  |o 519.5 MEN 2015  |p 5416310  |r 2025-01-20  |w 2019-11-24  |y BK  |z Catalogado en:20170818  |k GEO 
952 |0 0  |1 0  |2 ddc  |3 erb  |4 0  |6 519_500000000000000_MEN_2015  |7 0  |8 A  |9 484716  |a BIBING  |b BIBING  |c RES  |i 5416329  |o 519.5 MEN 2015  |p 5416329  |r 2025-01-20  |w 2019-11-24  |y BK  |z Catalogado en:20170818  |k GEO 
952 |0 0  |1 0  |2 ddc  |3 erb  |4 0  |6 519_500000000000000_MEN_2015  |7 0  |8 A  |9 484717  |a BIBING  |b BIBING  |c RES  |i 5416337  |l 1  |o 519.5 MEN 2015  |p 5416337  |r 2025-01-20  |s 2024-06-21  |w 2019-11-24  |y BK  |z Catalogado en:20170818  |k GEO 
952 |0 0  |1 0  |2 ddc  |3 erb  |4 0  |6 519_500000000000000_MEN_2015  |7 0  |8 A  |9 484718  |a BIBING  |b BIBING  |c RES  |i 5416345  |l 1  |o 519.5 MEN 2015  |p 5416345  |r 2025-01-20  |s 2023-08-09  |w 2019-11-24  |y BK  |z Catalogado en:20170818  |k GEO